000 00310nam a22001337a 4500
008 181003b xxu||||| |||| 00| 0 eng d
020 _a9781591477389
041 _aeng
080 _a316
100 _a48
101 _aSOC
245 _aSenation Seeking And Risky Behavior
_cMarvin .Z
942 _2udc
_cBK
999 _c48793
_d48793